Titularidad y disposicin̤ de los materiales biolg̤icos procedentes del cuerpo humano

Detalles Bibliográficos
Autor principal: Acevedo Rodrg̕uez, Nidia
Formato: eBook
Lenguaje:español
Publicado: Madrid: Dykinson, 2017
Materias:
Acceso en línea:Acceso restringido

MARC

LEADER 00000nam a22000007a 4500
005 20180511000140.0
007 cr|||| ||||
008 180511s2017 es |||||s|||| 00||0 spa d
020 |a 978-84-9148-535-3 
035 |a 21613 
040 |a vLex 
090 |c 7934  |d 7934 
100 1 |a Acevedo Rodrg̕uez, Nidia 
245 1 0 |a Titularidad y disposicin̤ de los materiales biolg̤icos procedentes del cuerpo humano  |h [Recurso electrn̤ico] /  |c Nidia Acevedo Rodrg̕uez 
256 |a Servicio en ln̕ea 
260 |a Madrid:  |b Dykinson,  |c 2017 
300 |a 1 recurso electrn̤ico 
500 |a Estudio comparado entre Espaą, Estados Unidos y Puerto Rico. 
506 1 |a Disponible solo en los productos indicados  |d vLex Global  |d vLex Global (Academic Edition, excluding Law Schools)  |d vLex Global (U.S. Academic Edition, Law Schools)  |d vLex Global (U.S. Academic Edition, excluding Law Schools)  |d vLex Global (Academic Edition, Law Schools) 
650 0 4 |a Derecho Civil  |z Espaą 
740 0 |a vLex Libros (Servicio en ln̕ea) 
856 4 0 |u http://vlex.com/source/titularidad-disposicion-materiales-biologicos-procedentes-cuerpo-humano-21613  |z Acceso restringido 
942 |c BOOK 
999 0 |a Civil Law